| 000 | 00844nam a2200265 4500 | ||
|---|---|---|---|
| 003 | OSt | ||
| 005 | 20260601171009.0 | ||
| 008 | 260507b19801982sp\|||||\||||\00|\0\spa\d | ||
| 020 | _a 8425211107 | ||
| 040 |
_aICI _bSPA _cICI |
||
| 041 | _aSPA | ||
| 050 |
_aNA6751 _bK5418 |
||
| 100 | 1 |
_aKinneir, Jock, _eautor _932814 |
|
| 240 |
_aWords and buildings _lEspañol |
||
| 245 | 1 |
_a El diseno grafico en la arquitectura / _c Jock kinneir ; vers. castellana de Esteve riambau |
|
| 264 |
_a Barcelona : _b Gustavo Gili, _c 1982 |
||
| 300 | _a191 páginas | ||
| 336 |
_atexto _2rdacontent |
||
| 337 |
_asin medio _2rdamedia |
||
| 338 |
_avolumen _2rdacarrier |
||
| 650 | 4 |
_aa Arquitectura _v Diseños y planos _932815 |
|
| 700 | 1 |
_aRiambau, Esteban _etraductor _q (Riambau Saurí), _932816 |
|
| 700 | 1 |
_aKinneir, Jock. _932814 |
|
| 942 |
_2lcc _cB _n1 |
||
| 999 |
_c20424 _d20424 |
||